000 00745nab a2200229 u 4500
001 08506
003 HDC
007 cr bn ---aaaaa
008 210130c mydr|nes 0 a may d
040 _aHDC
245 0 _aKombiglyze Xr kawal kadar gula pesakit diabetes
260 _aKuala Lumpur :
_b[publisher not identified],
_c2013
336 _atext
_2rdacontent
337 _acomputer
_2rdamedia
338 _aonline resource
_2rdacarrier
650 _aDietitian
_98967
650 _aFood industry
_9536
856 _zRequest full-text at [email protected]
942 _2lcc
942 _cNEWS
942 _kNWSC 001347
999 _c5829
_d5829